[Event "II. CLANSKA LIGA ZAHOD 2016"]
[Site "Komenda"]
[Date "2016.11.11"]
[Round "1.6"]
[White "Hvala, Arja Ela"]
[Black "Urh, Robert"]
[Result "0-1"]
[WhiteElo "1176"]
[BlackElo "1672"]
[PlyCount "82"]
[EventDate "2016.11.11"]
[WhiteTeam "SK POSTOJNA"]
[BlackTeam "SK STARI MAYR KRANJ"]

1. d4 Nf6 2. Nf3 d5 3. Bf4 e6 4. e3 Be7 5. Bd3 O-O 6. O-O c5 7. c3 Nc6 8. Nbd2
b6 9. Re1 Nh5 10. Bg3 Nxg3 11. hxg3 Bb7 12. Ne5 Nxe5 13. dxe5 d4 14. cxd4 cxd4
15. Nc4 dxe3 16. Nxe3 Bc5 17. Rc1 Qg5 18. Qg4 Bxe3 19. Qxg5 Bxg5 20. Rcd1 Rfd8
21. Bc2 Rxd1 22. Bxd1 Rd8 23. Bc2 g6 24. b3 Rd2 25. Bb1 Rb2 26. Rd1 Bd2 27. Kh2
g5 28. Kh3 h5 29. Rg1 Bc3 30. Rf1 Bxe5 31. Kh2 h4 32. Kh1 hxg3 33. Kg1 gxf2+
34. Kh1 Ba6 35. Rd1 Rd2 36. Rc1 f1=Q+ 37. Rxf1 Bxf1 38. Kg1 Bxg2 39. a4 Bg3 40.
b4 Bf3 41. b5 Rd1# 0-1

[Event "II. CLANSKA LIGA ZAHOD 2016"]
[Site "Komenda"]
[Date "2016.11.11"]
[Round "1.1"]
[White "Buha, Drago"]
[Black "Subelj, Jan"]
[Result "1-0"]
[WhiteElo "1964"]
[BlackElo "2182"]
[PlyCount "73"]
[EventDate "2016.11.11"]
[WhiteTeam "SD RADOVLJICA"]
[BlackTeam "SK KOMENDA"]

1. d4 Nf6 2. Nc3 d5 3. Bf4 e6 4. a3 Be7 5. e3 O-O 6. Bd3 c5 7. dxc5 Bxc5 8. Nf3
Nc6 9. O-O Re8 10. Ne5 Bd6 11. Nxc6 bxc6 12. Bxd6 Qxd6 13. e4 e5 14. h3 Be6 15.
b4 Reb8 16. exd5 cxd5 17. Re1 Qc6 18. Qd2 e4 19. Bf1 Rc8 20. Re3 Ne8 21. Rd1
Rd8 22. Nb5 Qb7 23. Nd4 Nd6 24. Nb3 Nf5 25. Rxe4 Qb6 26. Ree1 d4 27. Nc5 Bd5
28. Qg5 g6 29. Bd3 f6 30. Qf4 Ng7 31. Be4 Bxe4 32. Rxe4 Nf5 33. g4 Nh4 34. Re6
Qb5 35. Qxf6 Qc4 36. Re7 Nf3+ 37. Kh1 1-0

[Event "II. CLANSKA LIGA ZAHOD 2016"]
[Site "Komenda"]
[Date "2016.11.11"]
[Round "1.2"]
[White "Marn, Jan"]
[Black "Torkar, Boris"]
[Result "0-1"]
[WhiteElo "1934"]
[BlackElo "1864"]
[PlyCount "75"]
[EventDate "2016.11.11"]
[WhiteTeam "SK KOMENDA"]
[BlackTeam "SD RADOVLJICA"]

1. e4 e6 2. d4 d5 3. e5 c5 4. c3 Nc6 5. Nf3 Bd7 6. a3 Qb6 7. b4 c4 8. Be2 Nge7
9. Nbd2 Nf5 10. Nf1 Be7 11. h4 h5 12. Ne3 Nh6 13. Ng5 g6 14. g4 hxg4 15. Bxg4
O-O-O 16. f4 Rdf8 17. Bd2 Qd8 18. Qe2 Nf5 19. Bxf5 gxf5 20. O-O-O a5 21. Kb2
Qb6 22. Nc2 Kc7 23. h5 Na7 24. h6 Ba4 25. h7 Nb5 26. Ra1 Bxg5 27. fxg5 Ra8 28.
Qh5 Raf8 29. g6 fxg6 30. Qxg6 Rc8 31. Rag1 Bxc2 32. Qg7+ Kc6 33. Kxc2 axb4 34.
axb4 Nxd4+ 35. cxd4 Qxd4 36. b5+ Kb6 37. Ba5+ Ka7 38. Bc7 0-1

[Event "II. CLANSKA LIGA ZAHOD 2016"]
[Site "Komenda"]
[Date "2016.11.11"]
[Round "1.3"]
[White "Jovan, Romuald"]
[Black "Trpin, Alenka"]
[Result "1-0"]
[WhiteElo "1899"]
[BlackElo "1753"]
[PlyCount "101"]
[EventDate "2016.11.11"]
[WhiteTeam "SD RADOVLJICA"]
[BlackTeam "SK KOMENDA"]

1. d4 e6 2. c4 Nf6 3. Nf3 d5 4. Nc3 Bb4 5. e3 O-O 6. Bd3 dxc4 7. Bxc4 Ne4 8.
Qc2 Nd6 9. Bd3 h6 10. O-O c5 11. a3 cxd4 12. exd4 Ba5 13. Be3 Nd7 14. Rac1 Nf6
15. h3 Bd7 16. Ne5 Rc8 17. Qb1 Bc6 18. b4 Bb6 19. Rfd1 Nde8 20. a4 Nd5 21. a5
Nxe3 22. fxe3 Bc7 23. Nxc6 bxc6 24. Ne4 Nf6 25. Rf1 Nd5 26. Rce1 f5 27. Nd2 Bg3
28. Nf3 Bxe1 29. Qxe1 Qd6 30. Ne5 Nxb4 31. Bc4 Nd5 32. Qg3 f4 33. exf4 Rf6 34.
Bxd5 Qxd5 35. Qe3 Rcf8 36. g3 Qxa5 37. Nd7 Qa2 38. Nxf8 Kxf8 39. g4 a5 40. Rc1
Qd5 41. Rc5 Qa2 42. Rxc6 a4 43. h4 a3 44. g5 hxg5 45. hxg5 Rf5 46. Rxe6 Rb5 47.
Re8+ Kf7 48. Qe7+ Kg6 49. Qd6+ Kh7 50. g6+ Kh6 51. Rh8# 1-0

[Event "II. CLANSKA LIGA ZAHOD 2016"]
[Site "Komenda"]
[Date "2016.11.11"]
[Round "1.4"]
[White "Kralj, Nejc"]
[Black "Kocevar, Tugomir"]
[Result "1-0"]
[WhiteElo "1695"]
[BlackElo "1942"]
[PlyCount "99"]
[EventDate "2016.11.11"]
[WhiteTeam "SK KOMENDA"]
[BlackTeam "SD RADOVLJICA"]

1. e4 d5 2. exd5 Nf6 3. d4 Nxd5 4. Nf3 Bg4 5. c4 Nb6 6. Be2 e6 7. O-O c5 8. h3
Bh5 9. b3 Nc6 10. dxc5 Bxc5 11. Bb2 O-O 12. Nbd2 Bg6 13. Qc1 Nd4 14. Nxd4 Bxd4
15. Bxd4 Qxd4 16. Nf3 Qc5 17. Qf4 f6 18. Rfd1 Rad8 19. Nh4 e5 20. Qf3 e4 21.
Qf4 Qe7 22. Nxg6 hxg6 23. c5 Qxc5 24. Qxe4 Rde8 25. Qf3 Re5 26. Rac1 Qe7 27.
Bd3 f5 28. Qg3 g5 29. f3 Rc5 30. Rxc5 Qxc5+ 31. Kh1 Qe7 32. Re1 Qf6 33. Qe5 g6
34. Qc7 g4 35. fxg4 fxg4 36. Rf1 Qg7 37. Qxg7+ Kxg7 38. Rxf8 Kxf8 39. Bxg6 g3
40. Be4 a5 41. Bxb7 Ke7 42. Kg1 Kd6 43. Kf1 Nd7 44. Ke2 Nc5 45. Bc8 Ke5 46. Kf3
Nd3 47. a3 Nc5 48. b4 axb4 49. axb4 Ne4 50. b5 1-0

[Event "II. CLANSKA LIGA ZAHOD 2016"]
[Site "Komenda"]
[Date "2016.11.11"]
[Round "1.5"]
[White "Prestrl, Jozef"]
[Black "Mlakar, Matej"]
[Result "1/2-1/2"]
[WhiteElo "1915"]
[BlackElo "1503"]
[PlyCount "70"]
[EventDate "2016.11.11"]
[WhiteTeam "SD RADOVLJICA"]
[BlackTeam "SK KOMENDA"]

1. e4 e5 2. Nf3 Nc6 3. Bc4 Nf6 4. d3 h6 5. O-O Bc5 6. h3 d6 7. a3 Be6 8. Ba2
O-O 9. Nc3 d5 10. Na4 Bb6 11. Nxb6 axb6 12. exd5 Bxd5 13. Bxd5 Qxd5 14. b3 Rad8
15. Bb2 Rfe8 16. Nd2 b5 17. Re1 Nd4 18. Bxd4 exd4 19. Rxe8+ Rxe8 20. Kf1 Kf8
21. Nf3 c5 22. a4 bxa4 23. Rxa4 b6 24. Ra1 Qe6 25. Qd2 Qd6 26. Re1 Rxe1+ 27.
Qxe1 Qe7 28. Qxe7+ Kxe7 29. Ke2 Nd5 30. g3 Ke6 31. Kd2 Kd6 32. Nh4 Ke6 33. Nf3
Kd6 34. Nh4 Ke6 35. Nf3 Kd6 1/2-1/2

[Event "II. CLANSKA LIGA ZAHOD 2016"]
[Site "Komenda"]
[Date "2016.11.12"]
[Round "2.1"]
[White "Rojs, Igor"]
[Black "Subelj, Jan"]
[Result "0-1"]
[WhiteElo "1986"]
[BlackElo "2182"]
[PlyCount "60"]
[EventDate "2016.11.12"]
[WhiteTeam "SK TRZIN"]
[BlackTeam "SK KOMENDA"]

1. d4 Nf6 2. Nf3 d5 3. Bf4 e6 4. e3 c5 5. c4 cxd4 6. exd4 Bb4+ 7. Nc3 O-O 8. a3
Bxc3+ 9. bxc3 Ne4 10. Qb3 dxc4 11. Bxc4 Nc6 12. Bd3 Nf6 13. O-O b6 14. Ne5 Bb7
15. Nxc6 Bxc6 16. Bg5 e5 17. dxe5 Qxd3 18. exf6 Qg6 19. fxg7 Rfc8 20. h4 h6 21.
f4 hxg5 22. hxg5 Qe4 23. Rf2 Rd8 24. f5 Rd3 25. Raf1 Rg3 26. Rf3 Rxg2+ 27. Kxg2
Qg4+ 28. Kh2 Bxf3 29. Rxf3 Qxf3 30. f6 Re8 0-1

[Event "II. CLANSKA LIGA ZAHOD 2016"]
[Site "Komenda"]
[Date "2016.11.12"]
[Round "2.2"]
[White "Marn, Jan"]
[Black "Borisek, Anze"]
[Result "1/2-1/2"]
[WhiteElo "1934"]
[BlackElo "1885"]
[PlyCount "137"]
[EventDate "2016.11.12"]
[WhiteTeam "SK KOMENDA"]
[BlackTeam "SK TRZIN"]

1. e4 Nc6 2. d4 d5 3. exd5 Qxd5 4. Nf3 e5 5. dxe5 Qxd1+ 6. Kxd1 Bg4 7. Bf4
O-O-O+ 8. Nbd2 Bc5 9. Bc4 Bxf2 10. Bxf7 Nh6 11. Bb3 Rhf8 12. Bg5 Rxf3 13. gxf3
Bxf3+ 14. Kc1 Bxh1 15. Be6+ Kb8 16. Bxd8 Nxd8 17. Bh3 Nc6 18. e6 g5 19. c3 g4
20. Kc2 Bd5 21. Rf1 Bxe6 22. Rxf2 Bf5+ 23. Rxf5 Nxf5 24. Bf1 Ne5 25. Be2 Ne3+
26. Kc1 h5 27. Ne4 Nf3 28. h3 Ne5 29. hxg4 N3xg4 30. Kd2 Kc8 31. Bxg4+ Nxg4 32.
Ke2 Kd7 33. Kf3 Ne5+ 34. Kf4 Nd3+ 35. Ke3 Nxb2 36. Nf6+ Kd6 37. Nxh5 Kc5 38.
Nf4 Kc4 39. Kd2 Na4 40. Ne2 c5 41. Kc2 b5 42. Kd2 a5 43. Kc2 b4 44. cxb4 axb4
45. Nc1 Nc3 46. Kb2 Nb5 47. Nb3 Nd4 48. Nc1 Nb5 49. Nb3 Kd5 50. Nd2 c4 51. Kc1
Kd4 52. Nf3+ Kc3 53. Nd2 Na3 54. Ne4+ Kd4 55. Nd2 Ke3 56. Nf1+ Kd3 57. Nd2 Nb5
58. Nf3 Nc3 59. Kb2 Nxa2 60. Kxa2 Kc2 61. Nd4+ Kd3 62. Nb3 Kc2 63. Nd4+ Kd2 64.
Nb3+ Kc3 65. Na5 b3+ 66. Kb1 Kb4 67. Nxc4 Kxc4 68. Kb2 Kb4 69. Kb1 1/2-1/2

[Event "II. CLANSKA LIGA ZAHOD 2016"]
[Site "Komenda"]
[Date "2016.11.12"]
[Round "2.3"]
[White "Leben, Dusan"]
[Black "Markosek, Maj"]
[Result "1/2-1/2"]
[WhiteElo "1879"]
[BlackElo "1919"]
[PlyCount "78"]
[EventDate "2016.11.12"]
[WhiteTeam "SK TRZIN"]
[BlackTeam "SK KOMENDA"]

1. e4 c6 2. d4 d5 3. exd5 cxd5 4. Bf4 Nc6 5. c3 Nf6 6. Nf3 e6 7. Bd3 Bd6 8. Bg5
Qc7 9. Nbd2 Bf4 10. Qe2 Bxg5 11. Nxg5 h6 12. Ngf3 O-O 13. h3 Re8 14. Ne5 Nxe5
15. Qxe5 Qxe5+ 16. dxe5 Nd7 17. f4 Nc5 18. Bc2 Bd7 19. Nf3 Bb5 20. Kd2 Ba4 21.
b3 Bd7 22. Rac1 a5 23. Bd3 Rec8 24. Nd4 b6 25. Rc2 f6 26. c4 fxe5 27. fxe5 Rf8
28. Nf3 dxc4 29. Bxc4 Bc6 30. Ke3 Rad8 31. Be2 Bd5 32. Rd1 Nd7 33. Bc4 Bxc4 34.
bxc4 Nc5 35. Rb1 Na4 36. Nd4 Rc8 37. Rbc1 Nc5 38. Rb2 Na4 39. Rbc2 Nc5 1/2-1/2

[Event "II. CLANSKA LIGA ZAHOD 2016"]
[Site "Komenda"]
[Date "2016.11.12"]
[Round "2.4"]
[White "Kralj, Nejc"]
[Black "Bajec, Borut"]
[Result "1-0"]
[WhiteElo "1695"]
[BlackElo "1794"]
[PlyCount "53"]
[EventDate "2016.11.12"]
[WhiteTeam "SK KOMENDA"]
[BlackTeam "SK TRZIN"]

1. e4 c5 2. Nf3 Nc6 3. d4 cxd4 4. Nxd4 d6 5. Nc3 Nf6 6. Be3 e6 7. Be2 Be7 8.
O-O O-O 9. f4 Bd7 10. Kh1 e5 11. Ndb5 Ne8 12. Nd5 f5 13. fxe5 Nxe5 14. exf5
Bxf5 15. c4 Bg5 16. Qd2 Bxe3 17. Qxe3 a6 18. Nbc3 Rc8 19. b3 Nc7 20. Nb6 Rb8
21. Rad1 Qe7 22. Ncd5 Nxd5 23. Nxd5 Qd7 24. Qg5 Rbe8 25. Bh5 Bc2 26. Bxe8 Rxf1+
27. Rxf1 1-0

[Event "II. CLANSKA LIGA ZAHOD 2016"]
[Site "Komenda"]
[Date "2016.11.12"]
[Round "2.5"]
[White "Grum, Andrej"]
[Black "Mlakar, Matej"]
[Result "1/2-1/2"]
[WhiteElo "1777"]
[BlackElo "1503"]
[PlyCount "60"]
[EventDate "2016.11.12"]
[WhiteTeam "SK TRZIN"]
[BlackTeam "SK KOMENDA"]

1. e4 e5 2. Nf3 Nc6 3. Bc4 Nf6 4. d4 exd4 5. O-O Be7 6. e5 Ne4 7. Bd5 Nc5 8.
Bxc6 dxc6 9. Nxd4 O-O 10. Be3 Ne6 11. Nf3 Qxd1 12. Rxd1 b6 13. Nc3 Bb7 14. Rd7
Rfe8 15. Rad1 Rad8 16. Kf1 Kf8 17. Ne4 h6 18. Ng3 Rxd7 19. Rxd7 Rd8 20. Rxd8+
Bxd8 21. Nd4 Nxd4 22. Bxd4 c5 23. Bc3 Bg5 24. h3 Bf4 25. Ne2 Ba6 26. Ke1 Bg5
27. Ng3 Bb7 28. Kf1 Ba6+ 29. Ke1 Bb7 30. Kf1 Ba6+ 1/2-1/2

[Event "II. CLANSKA LIGA ZAHOD 2016"]
[Site "Komenda"]
[Date "2016.11.12"]
[Round "2.6"]
[White "Zidar, Jernej"]
[Black "Banfi, Gregor"]
[Result "0-1"]
[WhiteElo "1272"]
[BlackElo "1609"]
[PlyCount "98"]
[EventDate "2016.11.12"]
[WhiteTeam "SK KOMENDA"]
[BlackTeam "SK TRZIN"]

1. d4 Nf6 2. c4 g6 3. Nc3 d5 4. Nf3 Bg7 5. Bf4 O-O 6. e3 c6 7. Bd3 dxc4 8. Bxc4
b5 9. Bd3 Nbd7 10. O-O a6 11. Re1 c5 12. Bc2 Qb6 13. dxc5 Nxc5 14. Nd5 Nxd5 15.
Qxd5 Be6 16. Qd1 Bxb2 17. Rb1 Bc3 18. Nd2 Rfd8 19. e4 Bxa2 20. Ra1 Be6 21. Rc1
Ra7 22. Qe2 Rad7 23. Nf1 Bxe1 24. Rxe1 Bc4 25. Qf3 Ne6 26. Be3 Qa5 27. Rb1 Nd4
28. Bxd4 Rxd4 29. h3 Bxf1 30. Rxf1 Qc7 31. Bb3 e6 32. Ba2 b4 33. Qb3 a5 34. f3
Rd3 35. Qb2 b3 36. Bb1 Qb6+ 37. Kh1 Rd1 38. Qe2 Rxf1+ 39. Qxf1 Qd4 40. Kh2 Qd1
41. Qxd1 Rxd1 42. g4 Rxb1 43. Kg2 b2 44. Kf2 Rh1 45. Kg2 b1=Q 46. Kg3 e5 47.
Kh4 Kg7 48. f4 Qe1+ 49. Kg5 f6# 0-1

[Event "II. CLANSKA LIGA ZAHOD 2016"]
[Site "Komenda"]
[Date "2016.11.12"]
[Round "2.1"]
[White "Hrescak, Ivana"]
[Black "Anakiev, Dimitar"]
[Result "1-0"]
[WhiteElo "2173"]
[BlackElo "2018"]
[PlyCount "79"]
[EventDate "2016.11.12"]
[WhiteTeam "SK POSTOJNA"]
[BlackTeam "SD RADOVLJICA"]

1. g3 Nf6 2. Bg2 g6 3. Nf3 Bg7 4. d3 O-O 5. e4 d6 6. O-O c5 7. c3 Nc6 8. Nbd2
e5 9. a4 h6 10. Ne1 Be6 11. Nc2 d5 12. Qe2 Re8 13. exd5 Bxd5 14. Ne4 Nxe4 15.
dxe4 Be6 16. Ne3 Na5 17. Rd1 Qc8 18. Nd5 c4 19. Be3 Nb3 20. Rab1 Qc6 21. Bf1
Na5 22. Qf3 f5 23. Bh3 fxe4 24. Bxe6+ Rxe6 25. Qxe4 b6 26. Rd2 Rf8 27. Qh4 Kh7
28. Rbd1 Nb3 29. Re2 Qxa4 30. Ree1 Na5 31. Nc7 Ref6 32. Qh3 h5 33. Ne6 Qe8 34.
Nxf8+ Rxf8 35. Rd7 Nc6 36. Red1 Kg8 37. R1d6 Rf5 38. Qf1 b5 39. Qd1 e4 40. Rxc6
1-0

[Event "II. CLANSKA LIGA ZAHOD 2016"]
[Site "Komenda"]
[Date "2016.11.12"]
[Round "2.2"]
[White "Buha, Drago"]
[Black "Pridigar, Lovro"]
[Result "0-1"]
[WhiteElo "1964"]
[BlackElo "2044"]
[PlyCount "64"]
[EventDate "2016.11.12"]
[WhiteTeam "SD RADOVLJICA"]
[BlackTeam "SK POSTOJNA"]

1. d4 f5 2. Nf3 Nf6 3. Nc3 e6 4. a3 Be7 5. Bf4 d6 6. h3 O-O 7. e3 Qe8 8. Bc4
Kh8 9. O-O Nc6 10. Nb5 Bd8 11. Nc3 Nh5 12. Bh2 Qg6 13. Bd3 Qh6 14. d5 Ne7 15.
dxe6 Bxe6 16. Nd4 Bd7 17. Nce2 g5 18. Ng3 Nxg3 19. Bxg3 f4 20. exf4 gxf4 21.
Bh2 Qg7 22. Kh1 Qxd4 23. c3 Qg7 24. f3 Nf5 25. Rf2 Bh4 26. Rd2 Ne3 27. Qc1 Bg3
28. Bg1 Qh6 29. Re2 Bxh3 30. gxh3 Qxh3+ 31. Bh2 Bxh2 32. Rxe3 Bg3+ 0-1

[Event "II. CLANSKA LIGA ZAHOD 2016"]
[Site "Komenda"]
[Date "2016.11.12"]
[Round "2.3"]
[White "Malkoc, Tilen"]
[Black "Torkar, Boris"]
[Result "1-0"]
[WhiteElo "1738"]
[BlackElo "1864"]
[PlyCount "105"]
[EventDate "2016.11.12"]
[WhiteTeam "SK POSTOJNA"]
[BlackTeam "SD RADOVLJICA"]

1. Nf3 d5 2. d4 Bf5 3. e3 e6 4. Bd3 Bg4 5. b3 Nf6 6. Bb2 Bd6 7. Nbd2 c6 8. c4
Nbd7 9. Qc2 Qc7 10. h3 Bh5 11. O-O-O O-O-O 12. c5 Be7 13. b4 Rhe8 14. g4 Bg6
15. Bxg6 hxg6 16. Ng5 Rf8 17. f4 Kb8 18. a4 Ka8 19. Qb3 b6 20. Kc2 Rb8 21. Qa3
a5 22. Bc3 axb4 23. Bxb4 bxc5 24. dxc5 d4 25. exd4 Nd5 26. Rb1 Qxf4 27. Ngf3
Rb7 28. Rhe1 Rfb8 29. Qd3 Ra7 30. Ba3 Rxb1 31. Rxb1 Qe3 32. Qxe3 Nxe3+ 33. Kb3
Nd5 34. Nc4 Nf4 35. Nb6+ Nxb6 36. cxb6 Rb7 37. Bxe7 Rxe7 38. Kc4 Kb7 39. Rb3 f6
40. Kc5 Rd7 41. Nd2 Rd5+ 42. Kc4 Ne2 43. Nf3 Ra5 44. Rb4 Nf4 45. Nd2 Nd5 46.
Nb3 Nxb6+ 47. Kd3 Ka6 48. Nxa5 Kxa5 49. Rb1 Nxa4 50. Kc4 g5 51. Ra1 f5 52. gxf5
exf5 53. Kb3 1-0

[Event "II. CLANSKA LIGA ZAHOD 2016"]
[Site "Komenda"]
[Date "2016.11.12"]
[Round "2.4"]
[White "Kocevar, Tugomir"]
[Black "Jereb, Lana"]
[Result "1/2-1/2"]
[WhiteElo "1942"]
[BlackElo "1584"]
[PlyCount "95"]
[EventDate "2016.11.12"]
[WhiteTeam "SD RADOVLJICA"]
[BlackTeam "SK POSTOJNA"]

1. e4 c5 2. c3 e6 3. d4 cxd4 4. cxd4 d5 5. e5 Nc6 6. Nf3 Nge7 7. Nc3 Nf5 8. Bb5
Qb6 9. O-O Bd7 10. a4 Nfxd4 11. a5 Nxf3+ 12. Qxf3 Qc7 13. Bf4 a6 14. Ba4 Bb4
15. Nxd5 exd5 16. e6 Qd8 17. exd7+ Qxd7 18. Rad1 Rd8 19. Bd2 Bxd2 20. Rxd2 O-O
21. Rfd1 Qc7 22. Rxd5 Rxd5 23. Rxd5 Nxa5 24. h4 Qc1+ 25. Kh2 b5 26. b4 Nc4 27.
Bb3 Nd2 28. Qd3 Nxb3 29. Qxb3 Qf4+ 30. Qg3 Qxb4 31. Rg5 Qb2 32. h5 h6 33. Rg4
b4 34. Qd6 Qxf2 35. Qxh6 Qb2 36. Qxa6 Qe5+ 37. g3 Qxh5+ 38. Rh4 Qc5 39. Qd3 g6
40. Qd2 Qc3 41. Qxc3 bxc3 42. Rc4 Rd8 43. Rxc3 Rd2+ 44. Kh3 Kg7 45. g4 f5 46.
gxf5 gxf5 47. Kg3 Rd4 48. Rc6 1/2-1/2

[Event "II. CLANSKA LIGA ZAHOD 2016"]
[Site "Komenda"]
[Date "2016.11.12"]
[Round "2.5"]
[White "Skrbec, Leon"]
[Black "Krivec, Metod"]
[Result "1-0"]
[WhiteElo "1505"]
[BlackElo "1778"]
[PlyCount "61"]
[EventDate "2016.11.12"]
[WhiteTeam "SK POSTOJNA"]
[BlackTeam "SD RADOVLJICA"]

1. d4 g6 2. e4 Bg7 3. Nf3 d6 4. Be3 Nc6 5. c3 e5 6. Bb5 Bd7 7. O-O Nge7 8. dxe5
Nxe5 9. Bxd7+ Qxd7 10. Nxe5 Bxe5 11. f4 Bg7 12. f5 f6 13. Bd4 c5 14. Be3 O-O-O
15. b4 b6 16. Qf3 Rhe8 17. a4 Nc6 18. b5 Ne5 19. Qe2 Re7 20. a5 Qb7 21. Nd2
Rde8 22. axb6 axb6 23. Ra6 Nd7 24. fxg6 Nb8 25. Nc4 Rd7 26. Rxb6 Qxe4 27. Rxd6
Qxe3+ 28. Nxe3 Rxd6 29. Qg4+ Rde6 30. gxh7 R8e7 31. Nf5 1-0

[Event "II. CLANSKA LIGA ZAHOD 2016"]
[Site "Komenda"]
[Date "2016.11.12"]
[Round "2.6"]
[White "Pretnar, Bostjan"]
[Black "Malkoc, Patrik"]
[Result "1-0"]
[WhiteElo "1730"]
[BlackElo "1319"]
[PlyCount "51"]
[EventDate "2016.11.12"]
[WhiteTeam "SD RADOVLJICA"]
[BlackTeam "SK POSTOJNA"]

1. d4 c6 2. Nf3 d5 3. e3 h6 4. Bd3 Nf6 5. b3 Bg4 6. Bb2 e6 7. Nbd2 Bd6 8. Qe2
Nbd7 9. e4 dxe4 10. Nxe4 Nxe4 11. Bxe4 O-O 12. h3 Bf5 13. O-O-O a5 14. a4 Bxe4
15. Qxe4 Nf6 16. Qe2 Qe7 17. g4 Ba3 18. g5 Bxb2+ 19. Kxb2 Nh7 20. gxh6 gxh6 21.
Qe3 Kh8 22. Qxh6 Rg8 23. Ne5 Qf8 24. Qh5 Rg7 25. Rhg1 Kg8 26. Rxg7+ 1-0

[Event "II. CLANSKA LIGA ZAHOD 2016"]
[Site "Komenda"]
[Date "2016.11.12"]
[Round "2.1"]
[White "Beletic, Danijel"]
[Black "Kersic, Matej"]
[Result "0-1"]
[WhiteElo "2303"]
[BlackElo "2152"]
[PlyCount "86"]
[EventDate "2016.11.12"]
[WhiteTeam "SK RIMEX ILIRSKA BITRICA"]
[BlackTeam "SK STARI MAYR KRANJ"]

1. d4 d5 2. Bf4 Nf6 3. e3 e6 4. Nd2 Bd6 5. Bg3 O-O 6. Bd3 c5 7. c3 Nc6 8. Ngf3
b6 9. Ne5 Bb7 10. O-O Ne7 11. Qb1 Ng6 12. f4 Qc7 13. h3 a5 14. Rf2 c4 15. Bc2
b5 16. Bh2 b4 17. g4 bxc3 18. bxc3 Rab8 19. g5 Ba8 20. Qd1 Ne4 21. Bxe4 dxe4
22. Nexc4 Nh4 23. Nxd6 Qxd6 24. f5 Qd8 25. fxe6 Rb5 26. exf7+ Rxf7 27. Rxf7
Rxg5+ 28. Kh1 Kxf7 29. Qb3+ Bd5 30. c4 Qd7 31. cxd5 Qxh3 32. Qb7+ Kg6 33. Qc6+
Kh5 34. Qe8+ g6 35. Qxe4 Rg4 36. Qxg4+ Qxg4 37. Rg1 Qe2 38. d6 Qxe3 39. d7 Qxd4
40. Bf4 h6 41. Nf1 Qd5+ 42. Kh2 Nf3+ 43. Kh3 Nxg1+ 0-1

[Event "II. CLANSKA LIGA ZAHOD 2016"]
[Site "Komenda"]
[Date "2016.11.12"]
[Round "2.2"]
[White "Podvrsnik, Marko"]
[Black "Doric, Nenad"]
[Result "1/2-1/2"]
[WhiteElo "2186"]
[BlackElo "2255"]
[PlyCount "113"]
[EventDate "2016.11.12"]
[WhiteTeam "SK STARI MAYR KRANJ"]
[BlackTeam "SK RIMEX ILIRSKA BITRICA"]

1. d4 Nf6 2. Nf3 e6 3. Bg5 c5 4. c3 h6 5. Bh4 cxd4 6. cxd4 Be7 7. Nc3 b6 8. e3
O-O 9. Rc1 Bb7 10. Be2 d6 11. O-O Nbd7 12. Bd3 Nd5 13. Bg3 Nxc3 14. bxc3 Nf6
15. Nd2 Qd7 16. e4 d5 17. e5 Ne4 18. Bxe4 dxe4 19. Re1 Bg5 20. Rc2 Bxd2 21.
Qxd2 Rac8 22. Bf4 f5 23. exf6 Rxf6 24. c4 Rg6 25. Qe3 Qa4 26. Rec1 Bd5 27. Qb3
Qxb3 28. axb3 Bb7 29. b4 a6 30. c5 bxc5 31. dxc5 Bc6 32. Ra1 e5 33. Bxe5 Bb5
34. Re1 Re6 35. Bf4 Kf7 36. Rd2 g5 37. Bd6 Rce8 38. h3 e3 39. fxe3 Rxe3 40.
Rf2+ Kg6 41. Rxe3 Rxe3 42. Bc7 Re1+ 43. Kh2 Re2 44. Rxe2 Bxe2 45. Kg3 Kf5 46.
Kf2 Bb5 47. g4+ Kg6 48. Bd8 h5 49. gxh5+ Kxh5 50. Kg3 Kg6 51. Kf3 Bc6+ 52. Ke3
Bg2 53. h4 gxh4 54. Bxh4 Kf5 55. Kd4 Ke6 56. Bg3 Bc6 57. Bc7 1/2-1/2

[Event "II. CLANSKA LIGA ZAHOD 2016"]
[Site "Komenda"]
[Date "2016.11.12"]
[Round "2.4"]
[White "Bulatovic, Milorad"]
[Black "Sajn, Simon"]
[Result "1/2-1/2"]
[WhiteElo "1864"]
[BlackElo "2096"]
[PlyCount "145"]
[EventDate "2016.11.12"]
[WhiteTeam "SK STARI MAYR KRANJ"]
[BlackTeam "SK RIMEX ILIRSKA BITRICA"]

1. b3 Nf6 2. Bb2 d5 3. e3 g6 4. Nf3 Bg7 5. c4 c6 6. Be2 O-O 7. O-O Re8 8. h3
Bf5 9. d4 Nbd7 10. Nc3 Ne4 11. cxd5 Nxc3 12. Bxc3 cxd5 13. Qd2 Nf6 14. Qb2 Ne4
15. Bb4 Qb6 16. Qa3 Bf6 17. Ba5 Qd6 18. Bb4 Qd8 19. Rfc1 a5 20. Be1 Bd7 21. Ne5
e6 22. Nxd7 Qxd7 23. f3 Be7 24. Qb2 Nd6 25. a4 b6 26. Bg3 Rec8 27. Bd3 Nf5 28.
Bb5 Qd8 29. Bf2 Bg5 30. Qe2 Rxc1+ 31. Rxc1 Nxd4 32. Qd3 Nf5 33. Rc6 Ne7 34. Rc2
Rc8 35. h4 Rxc2 36. Qxc2 Bf6 37. Qd3 Nf5 38. g3 Qc7 39. Kg2 Be5 40. f4 Bf6 41.
e4 dxe4 42. Qxe4 Qd6 43. Bc4 Bd4 44. g4 Bxf2 45. gxf5 Bxh4 46. fxe6 fxe6 47.
Bxe6+ Kg7 48. Kh3 Bf6 49. Bc4 h5 50. Bd3 Bd4 51. Kg2 Qf6 52. Kh3 Bf2 53. Kg2
Bc5 54. Kg3 Be7 55. Kf3 Kh6 56. Ke2 Bd6 57. Ke3 h4 58. Kf3 h3 59. Kg3 h2 60.
Kxh2 Qh4+ 61. Kg2 Qg4+ 62. Kf1 Qd1+ 63. Kg2 Qg4+ 64. Kf1 Bxf4 65. Qh1+ Kg5 66.
Qg2 Bg3 67. Qd5+ Kh6 68. Qe4 Qh3+ 69. Qg2 Qg4 70. Qe4 Qg5 71. Ke2 Bh4 72. Qf3
Bg3 73. Qf8+ 1/2-1/2

[Event "II. CLANSKA LIGA ZAHOD 2016"]
[Site "Komenda"]
[Date "2016.11.12"]
[Round "2.5"]
[White "Rolih, Miran"]
[Black "Ristov, Tase"]
[Result "1-0"]
[WhiteElo "1795"]
[BlackElo "1867"]
[PlyCount "77"]
[EventDate "2016.11.12"]
[WhiteTeam "SK RIMEX ILIRSKA BITRICA"]
[BlackTeam "SK STARI MAYR KRANJ"]

1. e4 e5 2. Nf3 Nc6 3. Bc4 Be7 4. d4 d6 5. O-O Nf6 6. d5 Nb8 7. Nc3 c6 8. a4
Nbd7 9. a5 O-O 10. Qe2 Nc5 11. b4 Ncd7 12. h3 h6 13. Be3 Qc7 14. Bb3 Bd8 15.
dxc6 bxc6 16. g4 Be7 17. Qc4 a6 18. g5 hxg5 19. Nxg5 Qb7 20. Nxf7 d5 21. exd5
Qxb4 22. dxc6 Qxc4 23. Bxc4 Nb8 24. Nxe5+ Kh8 25. Ng6+ Kh7 26. Nxe7 Bxh3 27.
Bd3+ g6 28. Rfb1 Kg7 29. Nxg6 Nxc6 30. Nxf8 Kxf8 31. Rb7 Ne5 32. Bh6+ Kg8 33.
Rg7+ Kh8 34. Rg3 Bg4 35. f4 Nf3+ 36. Kf2 Rc8 37. Ne4 Bf5 38. Bg7+ Kh7 39. Nxf6#
1-0

[Event "II. CLANSKA LIGA ZAHOD 2016"]
[Site "Komenda"]
[Date "2016.11.12"]
[Round "2.6"]
[White "Urh, Robert"]
[Black "Delost, Josko"]
[Result "1-0"]
[WhiteElo "1672"]
[BlackElo "1666"]
[PlyCount "141"]
[EventDate "2016.11.12"]
[WhiteTeam "SK STARI MAYR KRANJ"]
[BlackTeam "SK RIMEX ILIRSKA BITRICA"]

1. e4 e6 2. d4 d5 3. exd5 exd5 4. Bd3 Nc6 5. Nf3 Bg4 6. c3 Bd6 7. O-O Nge7 8.
Re1 Qd7 9. Bg5 f6 10. Bh4 O-O-O 11. Nbd2 Nf5 12. Qc2 g5 13. Bg3 Nxg3 14. fxg3
Kb8 15. b4 h5 16. a4 Ne7 17. b5 Bf5 18. c4 Bxd3 19. Qxd3 dxc4 20. Qxc4 g4 21.
Nh4 c6 22. Ne4 Rhf8 23. Rab1 Rc8 24. a5 f5 25. Nc5 Bxc5 26. Qxc5 Rfe8 27. bxc6
Rxc6 28. Qe5+ Kc8 29. Nxf5 Kd8 30. Nxe7 Rxe7 31. Qxe7+ Qxe7 32. Rxe7 Kxe7 33.
Rxb7+ Kd6 34. h3 Rc1+ 35. Kh2 gxh3 36. gxh3 Rd1 37. Rh7 Rxd4 38. Rxh5 Rd2+ 39.
Kg1 Ke6 40. g4 Kf6 41. h4 Ra2 42. a6 Kg6 43. Rg5+ Kh6 44. Rf5 Rxa6 45. Kg2 Ra1
46. Rf6+ Kg7 47. Re6 a5 48. Kg3 a4 49. Kf4 a3 50. Kg5 Rb1 51. Re7+ Kf8 52. Ra7
Rb5+ 53. Kh6 Rb6+ 54. Kh5 Rb3 55. g5 Kg8 56. Kh6 Rf3 57. g6 Rf8 58. Rxa3 Rb8
59. Ra7 Rc8 60. Rg7+ Kh8 61. Rf7 Kg8 62. Re7 Ra8 63. Kg5 Rf8 64. h5 Ra8 65. h6
Ra5+ 66. Kf6 Ra8 67. Re5 Ra6+ 68. Kg5 Ra8 69. h7+ Kg7 70. Re7+ Kh8 71. Kh6 1-0

[Event "II. CLANSKA LIGA ZAHOD 2016"]
[Site "Komenda"]
[Date "2016.11.12"]
[Round "2.1"]
[White "Luzar, Emil"]
[Black "Kodric, Vladimir"]
[Result "1/2-1/2"]
[WhiteElo "2176"]
[BlackElo "1945"]
[PlyCount "86"]
[EventDate "2016.11.12"]
[WhiteTeam "SK DOLENJSKE TOPLICE"]
[BlackTeam "SK LOSKA DOLINA"]

1. e4 e6 2. d4 d5 3. e5 c5 4. dxc5 Bxc5 5. Bd3 Nc6 6. Nf3 Qc7 7. Bf4 Nge7 8.
O-O Ng6 9. Bg3 Ncxe5 10. Nxe5 Nxe5 11. Bb5+ Kf8 12. c4 a6 13. Ba4 d4 14. Re1 f6
15. Nd2 Bb4 16. Re4 Qa5 17. Rxd4 Bxd2 18. Rxd2 Ke7 19. Qc2 Nf7 20. Rad1 e5 21.
Bd7 Rd8 22. Qf5 Qc7 23. Qe6+ Kf8 24. h4 Qc5 25. Bxc8 Raxc8 26. Rd7 Rxd7 27.
Rxd7 Nd8 28. Qg4 Nf7 29. Rxb7 Qc6 30. Ra7 Qxc4 31. Qxc4 Rxc4 32. Rxa6 Nd8 33.
f3 Nc6 34. h5 Nb4 35. Ra4 Rc1+ 36. Kh2 Nd5 37. f4 exf4 38. Bxf4 Rc2 39. Bd6+
Kf7 40. Ba3 g6 41. Rd4 Ke6 42. hxg6 hxg6 43. Kg3 f5 1/2-1/2